Терминологический словарь-справочник по нефтепромысловому делу (Запись № 1748794)

Подробности
000 -МАРКЕР
контрольное поле 01553nam0a2200349 4500
001 - ИДЕНТИФИКАТОР ЗАПИСИ
контрольное поле RU\NLR\bibl\1209828
005 - ИДЕНТИФИКАТОР ВЕРСИИ
контрольное поле 20260405174439.0
010 ## - МЕЖДУНАРОДНЫЙ СТАНДАРТНЫЙ НОМЕР КНИГИ (ISBN)
Номер (ISBN) 978-5-93972-616-0
Уточнения в пер.
035 ## - ДРУГИЕ СИСТЕМНЫЕ НОМЕРА
Идентификатор записи (nilc)EL/0000153560
035 ## - ДРУГИЕ СИСТЕМНЫЕ НОМЕРА
Идентификатор записи (NLR Aleph) 001196259
100 ## - ДАННЫЕ ОБЩЕЙ ОБРАБОТКИ
Данные общей обработки 20071112d2007 |||y0rusy50 ca
101 0# - ЯЗЫК РЕСУРСА
Язык текста, звукозаписи и т.д. русский
102 ## - СТРАНА ПУБЛИКАЦИИ ИЛИ ПРОИЗВОДСТВА
Страна публикации российская федерация
105 ## - ПОЛЕ КОДИРОВАННЫХ ДАННЫХ: ТЕКСТОВЫЕ МАТЕРИАЛЫ, МОНОГРАФИЧЕСКИЕ
Кодированные данные о монографическом текстовом документе a |||||||||
200 1# - ЗАГЛАВИЕ И СВЕДЕНИЯ ОБ ОТВЕТСТВЕННОСТИ
Основное заглавие Терминологический словарь-справочник по нефтепромысловому делу
Первые сведения об ответственности Б. М. Сучков
210 ## - ПУБЛИКАЦИЯ, РАСПРОСТРАНЕНИЕ И ДР.
Место издания, распространения и т.д. Москва
-- Ижевск
Имя издателя, распространителя и т. д. R&C Dynamics
-- Институт компьютерных исследований
Дата издания, распространения и т.д. 2007
215 ## - ФИЗИЧЕСКАЯ ХАРАКТЕРИСТИКА
Специфическое обозначение материала и объем 699 с.
Другие сведения о физической характеристике ил.
Размеры 21
225 1# - СЕРИЯ
Основное заглавие серии Современные нефтегазовые технологии
Сведения об ответственности редсовет: отв. ред. А.В. Борисов, И.С. Мамаев
320 ## - ПРИМЕЧАНИЯ О НАЛИЧИИ В ДОКУМЕНТЕ БИБЛИОГРАФИИ / УКАЗАТЕЛЯ
Текст примечания Библиогр.: с. 668-673 (76 назв.) и в конце терминов
320 ## - ПРИМЕЧАНИЯ О НАЛИЧИИ В ДОКУМЕНТЕ БИБЛИОГРАФИИ / УКАЗАТЕЛЯ
Текст примечания Предм. указ.: с. 674-688
606 1# - НАИМЕНОВАНИЕ ТЕМЫ КАК ПРЕДМЕТ
Наименование темы Нефть
Формальный подзаголовок Терминологические словари
Тематический подзаголовок Добыча
Системный номер авторитетной/нормативной записи 1080697
Идентификатор авторитетной/нормативной записи RU\NLR\auth\66422365
686 ## - ИНДЕКСЫ ДРУГИХ КЛАССИФИКАЦИЙ
Индекс 33.36я2
Издание LBC/RL
Код системы
686 ## - ИНДЕКСЫ ДРУГИХ КЛАССИФИКАЦИЙ
Индекс И361я212
700 #1 - ИМЯ ЛИЦА - ПЕРВИЧНАЯ ОТВЕТСТВЕННОСТЬ
Код отношения Автор
Материалы, к которым относится поле rus
Графика поля Кириллица
Начальный элемент ввода Сучков
Часть имени, кроме начального элемента ввода Б. М.
Даты 1936-
Расширение инициалов личного имени Борис Михайлович
Идентификатор авторитетной/нормативной записи RU\NLR\auth\7775685
Системный номер авторитетной/нормативной записи 58613
801 #0 - ИСТОЧНИК ЗАПИСИ
Страна российская федерация
Организация НБР Удмуртия
Дата составления 20071112
Правила каталогизации rcr
801 #1 - ИСТОЧНИК ЗАПИСИ
Страна российская федерация
Организация НБР Удмуртия
Дата составления 20071112
801 #2 - ИСТОЧНИК ЗАПИСИ
Страна российская федерация
Организация NLR
Дата составления 20080403
Правила каталогизации rcr
830 ## - ОБЩЕЕ ПРИМЕЧАНИЕ, СОСТАВЛЕННОЕ КАТАЛОГИЗАТОРОМ
Текст примечания по кн
942 ## - ДОПОЛНИТЕЛЬНЫЕ ЭЛЕМЕНТЫ ЗАПИСИ (АБИС)
Тип экземпляра АБИС Книга
980 ## - КОЛЛЕКЦИЯ
Название коллекции Национальная библиография
Экземпляры
Тип экземпляра Дата поступления Источник поступления Стоимость Библиотека постоянного хранения Библиотека текущего хранения Место хранения Шифр хранения Штрих-код Статус не для выдачи
Книга 03.04.2008 Покупка 939.00 РНБ (Московский) РНБ (Московский) Центральная справочная библиотека С 2008-2/185 1-1113719  
Книга 23.10.2008 Покупка 939.00 РНБ (Московский) РНБ (Московский) Фонд общего зала литературы по технике Т1 И36/С-916 1-656151  
Книга 23.10.2008 Покупка 939.00 РНБ (Московский) РНБ (Московский) Центральная справочная библиотека С 2008-2/185 1-1113723  
Книга 28.04.2008 Покупка 939.00 РНБ (Садовая) РНБ (Садовая) Универсальный читальный зал У И36/С-916 1-332953